00824nam a2200217 i 450000100060000000300090000600500170001500700030003200800410003502000180007608000200009410000350011424501220014926000340027130000220030549000340032783000420036185200640040399900170046795201220048417412ES-MaACL20230906151557.0t|010302s2000 sp ||||1| spa d a84-7731-337-7 a821.134.2-4"19"1 aFerreras, Juan Ignacio.95052513aLa gran parodia b: reflexiones críticas sobre la estructura paródica de nuestro mundo / cJuan Ignacio Ferreras. aMadrid : bEndymion, c[2000] a243 p. ; c21 cm.1 aColección de ensayo ; v1270 aColección de ensayo ; v1279186602 aES-MaACLjL-24406 bR.129443 q. - Ded. autógr. del autor c17412d17412 00104070aATENEOMbATENEOMcDEPO2d2008-01-17eSCl0oL-24406p1017765r2023-02-23 00:00:00w2023-02-23yMONOGRAFIA